| 000 | 00701nam a2200205 i 4500 | ||
|---|---|---|---|
| 001 | 30819 | ||
| 003 | ES-MaACL | ||
| 007 | t| | ||
| 008 | 030127s1974 mx ||||1| spa d | ||
| 100 | 1 |
_aBayón, Damián. _926704 |
|
| 245 | 1 | 0 |
_aAventura plástica de Hispanoamérica _b: pintura, artes de la acción : 1940-1972 / _cpor Damián Bayón. |
| 260 |
_aMéxico : _bFondo de Cultura Económica, _c1974. |
||
| 300 |
_a364 p., 72 lám. ; _c18 cm. |
||
| 490 | 1 |
_aBreviarios del Fondo de Cultura Económica ; _v233 |
|
| 500 | _aIndice. | ||
| 504 | _aBibliografía. | ||
| 830 | 0 |
_aBreviarios del Fondo de Cultura Económica ; _v233 _9179682 |
|
| 852 |
_aES-MaACL _jL-8372 _bR.109082 |
||
| 999 |
_c30819 _d30819 |
||